| 000 | 00970nam a2200277 a 4500 | ||
|---|---|---|---|
| 001 | 0000403 | ||
| 003 | DO-SdBPM | ||
| 005 | 20260119130041.0 | ||
| 007 | ta | ||
| 008 | 091125s1998 sp a 000 0 spa d | ||
| 020 | _a8434837935 | ||
| 040 |
_aDO-SdBPM _bspa _cBPMSU _erda |
||
| 082 | 4 |
_aR372.2103 _bD545e 1998 _222 |
|
| 245 | 1 | 0 |
_aDiccionario en imágenes dicomages para niños / _ctraducción Christine Yvon; ilustración Gusti; fotografías Javier calbet... [y otros] |
| 264 |
_aMadrid : _bSM. Ediciones, _c1998 |
||
| 300 |
_a93 páginas : _bilustraciones ; _c27 cm. |
||
| 336 |
_atexto _btxt _2rdacontent |
||
| 337 |
_asin mediación _bn _2rdamedia |
||
| 338 |
_avolumen _bnc _2rdacarrier |
||
| 500 | _aLibros infantiles en francés | ||
| 590 | _aInventariado, 2026/VM | ||
| 650 | 7 |
_aEducación preescolar _xDiccionarios infantiles. |
|
| 650 | 4 | _aEnciclopedias y diccionarios para niños. | |
| 910 | _a VMateo V. Control de calidad. BPMSU | ||
| 942 |
_2ddc _cBK |
||
| 999 |
_c15611 _d15611 |
||